wymień postacie z Far Cry 3 - Statystyki

Ogólne statystyki
  • Ten quiz został rozwiązany 74 razy
  • Średni wynik to 8 z 17
Statystyki odpowiedzi
podpowiedź postacie % Poprawnych
protagonista, wojownik Jason Brody
93%
drugorzędny antagonista, zamordował Kim Jong Il'a, posiada młodszą siostrę Vaas Montenegro
88%
zmarł już na początku gry, starszy brat protagonisty Grant Brody
68%
przywódca Rakyat, młodsze rodzeństwo pierwszego głównego antagonisty, niedoszła partnerka protagonisty Citra Talugmai
65%
główny antagonista, handlarz narkotyków i ludzi, jest głównym źródłem zła na wyspie Hoyt Volker
65%
pierwszy znaleziony znajomy protagonisty, partnerka starszego brata protagonisty Daisy "Agnes" Lee
52%
młodszy brat protagonisty, posiada licencję na latanie śmigłowcami Riley Brody
47%
partnerka protagonisty, prezes rady studentów, niedoszły aktor w filmie Hoolywodzkim Liza Snow
47%
znalazł protagonistę i uratował mu życie, wprowadził go do ścieżki wojownika Dennis Rogers
43%
były sprzymierzeniec protagonisty, należał do korsarzy głównego antagonisty, zabił go główny antagonista podczas gry w pokera Sam Becker
42%
"mężczyzna w bieli", jest ścisle tajnym agentem rządowym, pomagał protagoniście w odnalezieniu jego znajomych Willis Huntley
40%
bogaty i zapalony entuzjasta narkotyków, nosi nieustannie czapkę z daszkiem Oliver Carswell
38%
trzeciorzędni antagonista, były australijski żołnierz i zawodowy zabójca pracujący dla głównego antagonisty Buck Hughes
35%
był bankierem inwestycyjnym który odnosił spore sukcesy, znajomy protagonisty Keith Ramsey
33%
pojawia się w grze za pośrednictwem eksluzywnej zawartości do pobrania, wydaje się dość zainteresowany Rakyat stwierdzając że chce się wytatuować, myśli że przywódca Rakyat to MILF i Malezyjka którą chciałby pieprzyć Hurk Drubman jr.
17%
szalony lekarz niegdyś mieszkający w Anglii, ojciec zmarłej Agnes, prawdopodobnie zażywa narkotyki co tłumaczyłoby jego stan zdrowia i jego zachowanie dr. Alec Earnhardt
15%
studiował inżynierię w Cal Tech, postać początkowo miała porwać protagonistę i dostarczyć do antagonisty lecz antagonista miał go zastrzelić, postać usunięta z gry Vincent Salas
2%
Nie znaleziono quizów pasujących do podanych kryteriów
Rozkład punktacji
Procent ludzi z każdym wynikiem
Percentyl według liczby udzielonych odpowiedzi
Twoja historia wyników
Nie rozwiązałeś tego quizu